2000's R&B / RNB artists - Statistics

General Stats
  • This quiz has been taken 123 times
  • The average score is 13 of 24
Answer Stats
Song Artist % Correct
U Remind Me Usher
85%
Irreplaceable Beyoncé
84%
Cry Me a River Justin Timberlake
79%
So Sick Ne-Yo
78%
We Belong Together Mariah Carey
73%
Let Me Love You Mario
73%
Fallin' Alicia Keys
72%
Take a Bow Rihanna
72%
Foolish Ashanti
67%
Ignition (Remix) R. Kelly
67%
Whatcha Say Jason Derulo
65%
With You Chris Brown
61%
Rock the Boat Aaliyah
55%
No Air Jordin Sparks
44%
1 Thing Amerie
39%
7 Days Craig David
39%
Ordinary People John Legend
39%
Untitled (How Does It Feel) D'Angelo
34%
Lay It Down Lloyd
34%
Bag Lady Erykah Badu
27%
Ride Ciara
24%
Pretty Wings Maxwell
24%
All for You Janet Jackson
23%
A Long Walk Jill Scott
19%
No matching quizzes found
Score Distribution
Percent of People with Each Score
Percentile by Number Answered
Your Score History
You have not taken this quiz